[Event "East Lansing (MI Op/7)"]
[Site "?"]
[Date "1982.??.??"]
[Round "?"]
[White "Smith, Michael R"]
[Black "Maring, L.."]
[Result "0-1"]
[WhiteElo "2065"]
[BlackElo "1965"]
[PlyCount "58"]
[EventDate "1982.??.??"]

1. e4 e5 2. Nf3 Nc6 3. Bb5 d6 4. d4 exd4 5. Qxd4 Bd7 6. Bxc6 Bxc6 7. Nc3 Nf6 8.
Bg5 Be7 9. O-O-O O-O 10. Rhe1 a5 11. e5 Bxf3 12. gxf3 dxe5 13. Qxe5 Bd6 14. Qd4
h6 15. Bf4 Bxf4+ 16. Qxf4 Nh5 17. Qe4 Qg5+ 18. Kb1 c6 19. Rg1 Qf6 20. Qg4 Nf4
21. Rd6 Ne6 22. Ne4 Qe5 23. f4 Qxf4 24. Qxf4 Nxf4 25. Rxh6 Ng6 26. Rh3 Rad8 27.
Rhg3 Rd4 28. f3 Rfd8 29. h4 Rd1+ 0-1

[Event "Southfield (MEX/5)"]
[Site "?"]
[Date "1982.??.??"]
[Round "?"]
[White "Smith, Michael R"]
[Black "Gabbara, Faris"]
[Result "1/2-1/2"]
[WhiteElo "2065"]
[BlackElo "2075"]
[PlyCount "55"]
[EventDate "1982.??.??"]

1. e4 c5 2. Nf3 e6 3. d4 cxd4 4. Nxd4 a6 5. Nc3 Nc6 6. Be3 Nf6 7. Be2 Bb4 8. f3
d5 9. Nxc6 bxc6 10. O-O O-O 11. Na4 Qa5 12. Nb6 Bc5 13. Nxa8 Bxe3+ 14. Kh1 Bb7
15. b4 Qd8 16. Bd3 Qxa8 17. e5 Nd7 18. Bxh7+ Kxh7 19. Qd3+ g6 20. Qxe3 Rh8 21.
Qd4 a5 22. a3 Kg7 23. c4 Rh5 24. cxd5 Qh8 25. h3 Rh4 26. Qa7 Rxh3+ 27. gxh3
Qxh3+ 28. Kg1 1/2-1/2

[Event "East Lansing (MI Op/1)"]
[Site "?"]
[Date "1982.??.??"]
[Round "?"]
[White "Smith, Michael R"]
[Black "Collyer, R.."]
[Result "1/2-1/2"]
[WhiteElo "2065"]
[BlackElo "1855"]
[PlyCount "60"]
[EventDate "1982.??.??"]

1. e4 e5 2. Nf3 Nc6 3. Bb5 g6 4. d4 exd4 5. Nxd4 Bg7 6. Be3 Nge7 7. Nc3 a6 8.
Be2 O-O 9. O-O d6 10. f4 Nxd4 11. Bxd4 Bxd4+ 12. Qxd4 Nc6 13. Qf2 f5 14. Bc4+
Kg7 15. Rad1 fxe4 16. Nxe4 Bf5 17. Ng5 h6 18. Nf3 Qf6 19. c3 Bg4 20. h3 Qxf4
21. Bd5 Bxf3 22. Bxf3 Rae8 23. Rde1 Ne5 24. Re3 Qc4 25. b3 Qc5 26. Kh2 Nxf3+
27. Rxf3 Qxf2 28. R3xf2 d5 29. Rxf8 Rxf8 30. Re1 Kf7 1/2-1/2

[Event "Southfield (MEX/2)"]
[Site "?"]
[Date "1982.??.??"]
[Round "?"]
[White "Smith, Michael R"]
[Black "Byer, L.."]
[Result "0-1"]
[WhiteElo "2065"]
[BlackElo "2180"]
[PlyCount "64"]
[EventDate "1982.??.??"]

1. d4 Nf6 2. Nc3 c5 3. Nf3 cxd4 4. Nxd4 d5 5. Bf4 Nbd7 6. Nf3 e6 7. e3 Qa5 8.
Nd2 Bb4 9. Ncb1 e5 10. Bg3 O-O 11. c3 Bd6 12. Be2 Qc7 13. O-O Nb6 14. Qc2 Re8
15. e4 Be6 16. Re1 Rac8 17. exd5 Nbxd5 18. Nb3 e4 19. Bxd6 Qxd6 20. N1d2 e3 21.
Nf3 exf2+ 22. Kxf2 Qf4 23. Bd3 Red8 24. Nbd4 Bg4 25. Bf5 Nb4 26. Qb1 Rxd4 27.
Bxc8 Rd2+ 28. Kg1 Bxf3 29. Bh3 Bxg2 30. Re8+ Nxe8 31. Qe1 Nf6 32. Bxg2 Nc2 0-1

[Event "East Lansing (MI Op/5)"]
[Site "?"]
[Date "1982.??.??"]
[Round "?"]
[White "Smith, Michael R"]
[Black "Bohley, D.."]
[Result "1/2-1/2"]
[WhiteElo "2065"]
[BlackElo "2005"]
[PlyCount "91"]
[EventDate "1982.??.??"]

1. d4 Nf6 2. Nc3 d5 3. Bg5 Nbd7 4. Nf3 c6 5. e3 g6 6. Bd3 Bg7 7. O-O O-O 8. e4
dxe4 9. Nxe4 Nxe4 10. Bxe4 Nf6 11. Bd3 Bg4 12. c3 Qd5 13. Bxf6 Bxf3 14. Qxf3
Qxf3 15. gxf3 Bxf6 16. Rfe1 Rfd8 17. Rad1 e6 18. Bc2 Rac8 19. Rd3 c5 20. dxc5
Rxd3 21. Bxd3 Rxc5 22. Be4 Rb5 23. Re2 Kf8 24. Rc2 Ke7 25. c4 Rxb2 26. Rxb2
Bxb2 27. Bxb7 Kd6 28. Ba6 Kc5 29. Bb5 Ba3 30. Kf1 Kd4 31. Ke2 Kc3 32. Be8 f6
33. Ba4 Bc5 34. Bb3 Kd4 35. h3 f5 36. Kd2 Ke5 37. Ke2 f4 38. Kf1 g5 39. Ke2 Kd4
40. Kd2 h5 41. Ke2 Kc3 42. Ba4 e5 43. Bb5 h4 44. a4 a5 45. Ba6 Bd4 46. Bb5
1/2-1/2

[Event "East Lansing (MI Op/3)"]
[Site "?"]
[Date "1982.??.??"]
[Round "?"]
[White "Smith, Les L"]
[Black "Willey, M.."]
[Result "1-0"]
[WhiteElo "1855"]
[BlackElo "2030"]
[PlyCount "107"]
[EventDate "1982.??.??"]

1. f4 Nf6 2. Nf3 g6 3. e3 Bg7 4. d4 d6 5. Bd3 O-O 6. O-O b6 7. c3 Bb7 8. f5 Be4
9. fxg6 hxg6 10. Bc4 c5 11. Ng5 Bd5 12. Bxd5 Nxd5 13. Qf3 e6 14. e4 Nc7 15. Qh3
Qxg5 16. Bxg5 cxd4 17. Bh6 Nc6 18. Bxg7 Kxg7 19. cxd4 Nxd4 20. Nc3 b5 21. Rad1
e5 22. Qd7 Ne8 23. Nd5 Ne2+ 24. Kh1 a6 25. Nc7 Nxc7 26. Qxc7 Rad8 27. Rxd6 Rc8
28. Qe7 Rce8 29. Qf6+ Kg8 30. Rd7 Re6 31. Qf2 Nf4 32. Qh4 Rc6 33. Rd8 Rc2 34.
Rxf8+ Kxf8 35. Qd8+ Kg7 36. g3 Nh5 37. Qe7 Kh6 38. Qxe5 f6 39. Qd4 Kg5 40. Rf2
Rxf2 41. Qxf2 f5 42. e5 f4 43. e6 Kf6 44. g4 Ng7 45. Qd4+ Kxe6 46. Qxg7 f3 47.
Qxg6+ Ke7 48. Kg1 a5 49. Kf2 b4 50. Kxf3 a4 51. Ke4 b3 52. axb3 axb3 53. Ke5
Kf8 54. Qh7 1-0

[Event "East Lansing (MI Op/6)"]
[Site "?"]
[Date "1982.??.??"]
[Round "?"]
[White "Smith, Les L"]
[Black "Dangremond, Leonard"]
[Result "1-0"]
[WhiteElo "1855"]
[BlackElo "1920"]
[PlyCount "83"]
[EventDate "1982.??.??"]

1. f4 b6 2. Nf3 Bb7 3. e3 e6 4. d4 Nf6 5. Bd3 g6 6. Nbd2 Bg7 7. O-O d6 8. c3
Nbd7 9. e4 e5 10. f5 O-O 11. fxg6 fxg6 12. Ng5 Qe7 13. d5 Rac8 14. Ne6 Rf7 15.
Nf3 h6 16. Nh4 Kh7 17. Qd2 Ng4 18. Rxf7 Qxf7 19. h3 Ngf6 20. Nf3 Qe7 21. b4 Nf8
22. Nxg7 Qxg7 23. Qe2 N8d7 24. Be3 Rf8 25. Qf2 g5 26. Qe2 Rf7 27. Rc1 Qg6 28.
c4 Nh5 29. c5 bxc5 30. bxc5 dxc5 31. Bxc5 Nf4 32. Qe3 Ba6 33. Bxa6 Qxa6 34. Rc2
Qa4 35. Qb3 Nxc5 36. Rxc5 Qxe4 37. d6 Ne2+ 38. Kh1 Ng3+ 39. Kh2 Qf4 40. Qxf7+
Kh8 41. Qxf4 gxf4 42. dxc7 1-0

[Event "East Lansing (MI Op/1)"]
[Site "?"]
[Date "1982.??.??"]
[Round "?"]
[White "Small, L.."]
[Black "Willey, M.."]
[Result "1/2-1/2"]
[WhiteElo "1805"]
[BlackElo "2030"]
[PlyCount "92"]
[EventDate "1982.??.??"]

1. e4 c5 2. Nf3 Nc6 3. d4 cxd4 4. Nxd4 Nf6 5. Nc3 e5 6. Nb3 Bb4 7. a3 Bxc3+ 8.
bxc3 Nxe4 9. Qg4 d5 10. Qxg7 Qf6 11. Qxf6 Nxf6 12. f3 Rg8 13. Be3 Bf5 14. O-O-O
b6 15. g4 Be6 16. Bb5 Rc8 17. h4 h5 18. g5 Nd7 19. Kb2 Ne7 20. f4 Nf5 21. Bf2
exf4 22. Nd4 Nd6 23. Ba6 Ne4 24. Nxe6 fxe6 25. Bd4 Rc7 26. Bb5 Ke7 27. Rhe1 f3
28. Bd3 Ndc5 29. c4 Na4+ 30. Ka1 Nac3 31. cxd5 Nxg5 32. d6+ Kxd6 33. Be5+ Kc6
34. Bxc3 Kb7 35. Be5 f2 36. Re3 Rf7 37. hxg5 Rxg5 38. Bd4 Rg1 39. Bf1 Rd7 40.
c3 Rd6 41. Kb2 h4 42. Kc2 h3 43. Bxh3 e5 44. Rxe5 Rh6 45. Re7+ Kc6 46. Bd7+ Kd6
1/2-1/2

[Event "East Lansing (MI Op/2)"]
[Site "?"]
[Date "1982.??.??"]
[Round "?"]
[White "Small, L.."]
[Black "Postma, D.."]
[Result "1-0"]
[WhiteElo "1805"]
[BlackElo "1980"]
[PlyCount "51"]
[EventDate "1982.??.??"]

1. e4 e5 2. f4 d5 3. exd5 Qxd5 4. Nc3 Qe6 5. fxe5 Qxe5+ 6. Qe2 Nc6 7. Nf3 Qxe2+
8. Bxe2 Bf5 9. d3 Nf6 10. Bf4 O-O-O 11. O-O-O h6 12. Rhf1 Bb4 13. Ne5 Nd4 14.
Bf3 Be6 15. a3 Bxc3 16. bxc3 Nxf3 17. Nxf3 g5 18. Be5 Nd5 19. Bxh8 Rxh8 20. Kd2
c5 21. c4 Ne7 22. Ne5 Rf8 23. Rde1 Kd8 24. c3 Nc6 25. Nxc6+ bxc6 26. Rxe6 1-0

[Event "East Lansing (MI Op/5)"]
[Site "?"]
[Date "1982.??.??"]
[Round "?"]
[White "Small, L.."]
[Black "Haluska, James"]
[Result "1/2-1/2"]
[WhiteElo "1805"]
[BlackElo "1915"]
[PlyCount "85"]
[EventDate "1982.??.??"]

1. e4 e5 2. Nf3 Nc6 3. Bb5 a6 4. Ba4 Nf6 5. O-O b5 6. Bb3 Be7 7. c3 O-O 8. Re1
d6 9. h3 Na5 10. Bc2 c5 11. d4 Qc7 12. Be3 Nc4 13. Bc1 Bd7 14. b3 Nb6 15. Be3
Rac8 16. dxc5 dxc5 17. Qe2 a5 18. Nbd2 c4 19. Bxb6 Qxb6 20. bxc4 bxc4 21. Nxe5
Be6 22. Nexc4 Qc7 23. Ne3 Qxc3 24. Nf3 Bc5 25. Bd3 Rfd8 26. Ba6 Rb8 27. Rec1
Qa3 28. Nc4 Qa4 29. Ng5 Rd4 30. Nxe6 fxe6 31. Ne3 Nxe4 32. Rc4 Ng3 33. Qc2 Rxc4
34. Qxc4 Qxc4 35. Bxc4 Kf7 36. Re1 Bxe3 37. Rxe3 Rb1+ 38. Kh2 Nf1+ 39. Bxf1
Rxf1 40. Kg3 Rd1 41. Kf3 Kf6 42. Ke4 Rd2 43. Rf3+ 1/2-1/2

[Event "East Lansing (MI Op/7)"]
[Site "?"]
[Date "1982.??.??"]
[Round "?"]
[White "Small, L.."]
[Black "Dangremond, Leonard"]
[Result "1/2-1/2"]
[WhiteElo "1805"]
[BlackElo "1920"]
[PlyCount "36"]
[EventDate "1982.??.??"]

1. c4 Nf6 2. g3 g6 3. b3 Bg7 4. Bb2 O-O 5. Bg2 c5 6. e3 Nc6 7. Ne2 a6 8. Nbc3
Re8 9. O-O Rb8 10. d4 cxd4 11. exd4 b5 12. cxb5 axb5 13. Rc1 Qb6 14. Qd2 Bb7
15. h3 Rec8 16. Kh2 Nd8 17. Bxb7 Qxb7 18. Ng1 h5 1/2-1/2

[Event "East Lansing (MI Op/2)"]
[Site "?"]
[Date "1982.??.??"]
[Round "?"]
[White "Skidmore, Mike"]
[Black "King, H.."]
[Result "1-0"]
[WhiteElo "1880"]
[BlackElo "1685"]
[PlyCount "120"]
[EventDate "1982.??.??"]

1. e4 c5 2. Nf3 d6 3. Bb5+ Nd7 4. O-O a6 5. Bxd7+ Bxd7 6. c3 e5 7. d4 Bg4 8. h3
Bxf3 9. Qxf3 Be7 10. Rd1 Qc7 11. d5 Nf6 12. c4 b5 13. Nd2 Nd7 14. b3 O-O 15.
Qd3 b4 16. Bb2 g6 17. Nf3 f5 18. exf5 Rxf5 19. g4 Rff8 20. Rd2 Bf6 21. Re1 Rae8
22. Qe4 Bg7 23. Ng5 Nf6 24. Ne6 Rf7 25. Qe2 Qd7 26. Qd1 h5 27. f4 hxg4 28. hxg4
Bh8 29. fxe5 dxe5 30. Rxe5 Ree7 31. Rg5 Ne8 32. Rxg6+ Bg7 33. Qc2 Qd6 34. Rd3
Nf6 35. Rh3 Rxe6 36. dxe6 Qxe6 37. Bxf6 Rxf6 38. Rxg7+ Kxg7 39. Qh7+ Kf8 40.
Qh8+ Ke7 41. Rh7+ Rf7 42. Rxf7+ Kxf7 43. Qh5+ Kg7 44. Qg5+ Kh8 45. Kf2 Qd6 46.
Kf3 Qd1+ 47. Kf4 Qd4+ 48. Kf5 Qd7+ 49. Kg6 Qe8+ 50. Kh6 Qf8+ 51. Kh5 Qe8+ 52.
Qg6 Qe5+ 53. Qf5 Qe8+ 54. Kh6 Qc6+ 55. Kg5 Kg7 56. Qe5+ Kf7 57. Qd5+ Qxd5+ 58.
cxd5 a5 59. Kf5 a4 60. Ke4 c4 1-0

[Event "East Lansing (MI Op/6)"]
[Site "?"]
[Date "1982.??.??"]
[Round "?"]
[White "Skidmore, Mike"]
[Black "Geshel, J.."]
[Result "0-1"]
[WhiteElo "1880"]
[BlackElo "1835"]
[PlyCount "148"]
[EventDate "1982.??.??"]

1. e4 Nf6 2. e5 Nd5 3. Bc4 Nb6 4. Bb3 Nc6 5. Nf3 e6 6. d4 Na5 7. O-O Nxb3 8.
axb3 Be7 9. Nbd2 d6 10. c3 dxe5 11. Nxe5 Nd7 12. Ndf3 f6 13. Nd3 b6 14. Re1 Nf8
15. Nf4 Qd6 16. Qe2 Kd7 17. Nh5 g5 18. c4 g4 19. Qe4 gxf3 20. Qxa8 fxg2 21.
Qxg2 Qxd4 22. Bf4 Qc5 23. Rad1+ Ke8 24. Ng3 Ng6 25. Be3 Qe5 26. Bd4 Qg5 27.
Qc6+ Kf7 28. Be3 Qg4 29. Rd4 Qh3 30. Qg2 Qxg2+ 31. Kxg2 Bb7+ 32. Kf1 Ne5 33.
Red1 Nf3 34. Rd7 Nxh2+ 35. Ke1 Nf3+ 36. Kf1 Rc8 37. b4 Bc6 38. Rxe7+ Kxe7 39.
b5 Bb7 40. Ra1 Ra8 41. c5 Bd5 42. Ke2 Ne5 43. Kd2 Bc4 44. cxb6 cxb6 45. Bxb6
Bxb5 46. Bxa7 Kd7 47. Ne4 f5 48. Nf6+ Kc8 49. b3 Kb7 50. Bd4 Nf3+ 51. Ke3 Nxd4
52. Rxa8 Nc2+ 53. Kd2 Kxa8 54. Kxc2 h6 55. Kd2 Kb7 56. Ke3 Kc6 57. Kf4 Kd6 58.
Kg3 Ke5 59. Nh5 Ke4 60. Ng7 f4+ 61. Kg2 e5 62. f3+ Kd3 63. Nf5 h5 64. Ng7 Kc3
65. Nxh5 Kxb3 66. Nf6 Kc4 67. Ng4 Kd4 68. Nf2 Bc6 69. Ng4 Bd7 70. Nf2 Ke3 71.
Nd1+ Kd2 72. Nf2 Ke2 73. Ne4 Bc6 74. Ng5 Ke3 0-1

[Event "Southfield (MEX/3)"]
[Site "?"]
[Date "1982.??.??"]
[Round "?"]
[White "Shavalier, J.."]
[Black "Turner, George"]
[Result "1-0"]
[WhiteElo "2100"]
[BlackElo "2030"]
[PlyCount "71"]
[EventDate "1982.??.??"]

1. e4 Nf6 2. e5 Nd5 3. Nc3 e6 4. g3 d6 5. f4 dxe5 6. fxe5 Nxc3 7. bxc3 h5 8.
Nf3 Be7 9. Be2 b6 10. d4 Bb7 11. Bb2 h4 12. g4 h3 13. O-O Qd5 14. Bd3 Rh4 15.
c4 Rxg4+ 16. Kh1 Qc6 17. a4 Nd7 18. a5 Bg5 19. a6 Bc8 20. Qe2 Rg2 21. Rf2 Rxf2
22. Qxf2 Bh6 23. d5 exd5 24. Nd4 Qc5 25. Ba3 Qa5 26. e6 Nf6 27. exf7+ Kxf7 28.
Qg3 Qd2 29. Qg6+ Kg8 30. Rg1 Bxa6 31. Bc1 dxc4 32. Bxd2 Bb7+ 33. Rg2 hxg2+ 34.
Kg1 Bxd2 35. Bxc4+ Kh8 36. Nf5 1-0

[Event "Southfield (MEX/6)"]
[Site "?"]
[Date "1982.??.??"]
[Round "?"]
[White "Shavalier, J.."]
[Black "Ross, D.."]
[Result "0-1"]
[WhiteElo "2100"]
[BlackElo "2090"]
[PlyCount "169"]
[EventDate "1982.??.??"]

1. e4 c5 2. Nc3 Nc6 3. g3 g6 4. Bg2 Bg7 5. Nh3 Rb8 6. O-O Nf6 7. d3 O-O 8. f4
d6 9. Nf2 Nd4 10. Ne2 Ng4 11. c3 Nxf2 12. Rxf2 Nxe2+ 13. Qxe2 b5 14. Be3 b4 15.
Qd2 bxc3 16. bxc3 Qa5 17. d4 Ba6 18. Bf1 cxd4 19. cxd4 Qxd2 20. Rxd2 Bxf1 21.
Rxf1 f5 22. exf5 gxf5 23. d5 a5 24. Bd4 Bxd4+ 25. Rxd4 Rb2 26. Rf2 Rfb8 27.
Rfd2 Rxd2 28. Rxd2 a4 29. Kf2 Kf7 30. Ke3 Kg6 31. Rd4 Rb5 32. h3 h5 33. h4 Ra5
34. a3 Kf6 35. Kd3 Rb5 36. Ke3 Rb3+ 37. Rd3 Rb5 38. Kd4 e5+ 39. dxe6 Kxe6 40.
Re3+ Kd7 41. Rc3 Rb1 42. Kc4 Re1 43. Kd3 d5 44. Kd2 Ra1 45. Ke3 Kd6 46. Rd3 Ra2
47. Rc3 Ra1 48. Rd3 Rc1 49. Kd2 Rc4 50. Re3 Re4 51. Rc3 Re8 52. Kd3 Rb8 53. Kc2
Rg8 54. Rd3 Kc5 55. Rc3+ Kd4 56. Kd2 Rb8 57. Rd3+ Kc5 58. Rc3+ Kd6 59. Kc2 Rb5
60. Kd2 Rb2+ 61. Kd3 Rb1 62. Kd2 Rg1 63. Ke2 Rg2+ 64. Kf3 Rb2 65. Ke3 Rg2 66.
Kd4 Rg1 67. Rd3 Re1 68. Kc3 Kc5 69. Kd2 Rg1 70. Rc3+ Kd6 71. Ke2 d4 72. Rc4 Kd5
73. Rxa4 Rxg3 74. Ra8 Ke4 75. Rh8 Rxa3 76. Rxh5 Ra2+ 77. Kd1 Kxf4 78. Rh8 Rh2
79. h5 Kf3 80. h6 Ke3 81. h7 Kd3 82. Ke1 f4 83. Rf8 Rxh7 84. Rxf4 Ke3 85. Rf8
0-1

[Event "Southfield (MEX/5)"]
[Site "?"]
[Date "1982.??.??"]
[Round "?"]
[White "Shavalier, J.."]
[Black "Finegold, Ron"]
[Result "1/2-1/2"]
[WhiteElo "2100"]
[BlackElo "2185"]
[PlyCount "29"]
[EventDate "1982.??.??"]

1. e4 e5 2. Nc3 Nf6 3. g3 Bb4 4. Nge2 c6 5. Bg2 d5 6. exd5 Nxd5 7. Nxd5 cxd5 8.
c3 Bc5 9. d4 exd4 10. Nxd4 O-O 11. O-O Bxd4 12. Qxd4 Be6 13. Be3 Nc6 14. Qd2
Qa5 15. Bd4 1/2-1/2

[Event "East Lansing (MI Op/6)"]
[Site "?"]
[Date "1982.??.??"]
[Round "?"]
[White "Schreiber, E.."]
[Black "Jones, B.."]
[Result "1-0"]
[WhiteElo "1620"]
[BlackElo "1745"]
[PlyCount "55"]
[EventDate "1982.??.??"]

1. d4 e6 2. e4 d5 3. Nc3 Bb4 4. e5 c5 5. Qg4 Ne7 6. Bg5 Nbc6 7. Bb5 Bd7 8. Bxc6
Bxc6 9. Nge2 Qc7 10. Bxe7 Qxe7 11. O-O O-O 12. a3 Bxc3 13. bxc3 f5 14. Qf4 g5
15. Qd2 f4 16. Rfe1 f3 17. Ng3 fxg2 18. Nh5 Rf5 19. Nf6+ Kh8 20. Kxg2 Rf8 21.
Re3 R8xf6 22. exf6 Qxf6 23. Rae1 g4 24. Rxe6 Qh4 25. R1e5 Qh3+ 26. Kg1 Bb5 27.
Re1 Rh5 28. Qf4 1-0

[Event "East Lansing (MI Op/2)"]
[Site "?"]
[Date "1982.??.??"]
[Round "?"]
[White "Schreiber, E.."]
[Black "Fischvogt, Eric"]
[Result "0-1"]
[WhiteElo "1620"]
[BlackElo "2060"]
[PlyCount "60"]
[EventDate "1982.??.??"]

1. d4 Nf6 2. Nc3 d5 3. e4 dxe4 4. f3 exf3 5. Nxf3 e6 6. Bc4 Be7 7. O-O O-O 8.
Ne5 c5 9. d5 exd5 10. Nxd5 Be6 11. Nxe7+ Qxe7 12. Bg5 Bxc4 13. Bxf6 gxf6 14.
Nxc4 Qe6 15. Rf4 Nd7 16. Qh5 Rfe8 17. Rh4 Nf8 18. Rd1 Rad8 19. Rf1 b5 20. Na3
Qe3+ 21. Kh1 Rd2 22. Rg4+ Ng6 23. h4 Re5 24. Rf5 Rdd5 25. Rxe5 Rxe5 26. Rxg6+
hxg6 27. Qg4 Re4 28. Qc8+ Kg7 29. g3 Qe1+ 30. Kg2 Re2+ 0-1

[Event "East Lansing (MI Op/4)"]
[Site "?"]
[Date "1982.??.??"]
[Round "?"]
[White "Schick, A.."]
[Black "Skidmore, Mike"]
[Result "1-0"]
[WhiteElo "2130"]
[BlackElo "1880"]
[PlyCount "39"]
[EventDate "1982.??.??"]

1. d4 d5 2. c4 Nf6 3. cxd5 Qxd5 4. Nc3 Qd8 5. Nf3 g6 6. e4 Bg7 7. Be2 O-O 8.
O-O c5 9. d5 a6 10. a4 Qc7 11. Nd2 Nbd7 12. f4 Nh5 13. Bxh5 gxh5 14. e5 Nxe5
15. fxe5 Bg4 16. Nf3 Bxe5 17. h3 Bd4+ 18. Kh1 Kh8 19. hxg4 hxg4 20. Nxd4 1-0

[Event "East Lansing (MI Op/2)"]
[Site "?"]
[Date "1982.??.??"]
[Round "?"]
[White "Schick, A.."]
[Black "Geshel, J.."]
[Result "1/2-1/2"]
[WhiteElo "2130"]
[BlackElo "1835"]
[PlyCount "64"]
[EventDate "1982.??.??"]

1. d4 d5 2. c4 e6 3. Nc3 Nf6 4. Bg5 Be7 5. e3 O-O 6. Nf3 c5 7. cxd5 cxd4 8.
Qxd4 Nxd5 9. Bxe7 Nxe7 10. Rd1 Qxd4 11. Nxd4 e5 12. Ndb5 Nbc6 13. Bc4 Bf5 14.
Nd6 Bg6 15. a3 Na5 16. Ba2 Bc2 17. Rd2 Bb3 18. Bb1 Nc4 19. Nxc4 Bxc4 20. Rd7
Nc6 21. Be4 Na5 22. Bc2 Rad8 23. Rxd8 Rxd8 24. Ne4 Nb3 25. Bxb3 Bxb3 26. O-O b6
27. Rc1 f5 28. Ng3 Be6 29. Nf1 Rd7 30. f3 Kf7 31. Kf2 b5 32. Rc5 Rd5 1/2-1/2

[Event "East Lansing (MI Op/7)"]
[Site "?"]
[Date "1982.??.??"]
[Round "?"]
[White "Schick, A.."]
[Black "Beaver, Andrew"]
[Result "1-0"]
[WhiteElo "2130"]
[BlackElo "2060"]
[PlyCount "93"]
[EventDate "1982.??.??"]

1. d4 d5 2. c4 e6 3. Nc3 Nf6 4. Bg5 Be7 5. e3 O-O 6. Nf3 h6 7. Bf4 Nh5 8. Bg3
Nxg3 9. hxg3 c6 10. Qc2 Nd7 11. a3 f5 12. b4 Nf6 13. Be2 Bd6 14. c5 Bc7 15. Ne5
Bxe5 16. dxe5 Ne4 17. Rh3 a5 18. b5 Nxc5 19. f4 Qe7 20. g4 Bd7 21. gxf5 exf5
22. Bf3 Ne4 23. Ne2 cxb5 24. Qb3 b4 25. Nd4 Be6 26. Rh5 Qf7 27. Nxe6 Qxe6 28.
g4 Qc6 29. gxf5 Qc3+ 30. Qxc3 Nxc3 31. Kd2 b5 32. f6 gxf6 33. exf6 Rxf6 34.
axb4 Ne4+ 35. Kd3 Rd6 36. Kd4 a4 37. Rxd5 Rxd5+ 38. Kxd5 Nd2 39. Be2 a3 40. Ra2
Nb3 41. Bxb5 Nc1 42. Rg2+ Kf7 43. Bc4 a2 44. Ke5+ Ke7 45. Rg7+ Kf8 46. Rg8+ Ke7
47. Rxa8 1-0

[Event "East Lansing (MI Op/6)"]
[Site "?"]
[Date "1982.??.??"]
[Round "?"]
[White "Schick, A.."]
[Black "Ahmadi, R.."]
[Result "1-0"]
[WhiteElo "2130"]
[BlackElo "1920"]
[PlyCount "89"]
[EventDate "1982.??.??"]

1. d4 Nf6 2. c4 g6 3. Nc3 d5 4. Bf4 Bg7 5. e3 O-O 6. cxd5 Nxd5 7. Nxd5 Qxd5 8.
Bxc7 Na6 9. Bxa6 Qxg2 10. Qf3 Qxf3 11. Nxf3 bxa6 12. Ke2 Bb7 13. Rhc1 Rac8 14.
Rc5 Rfe8 15. Rac1 Bf8 16. d5 Bg7 17. R1c2 f5 18. Nd2 a5 19. Rxa5 Be5 20. Bxe5
Rxc2 21. Kd3 Rcc8 22. f3 a6 23. e4 Red8 24. Nc4 fxe4+ 25. fxe4 Rf8 26. b3 Rf3+
27. Kd4 Rf2 28. Bg3 Rf1 29. Ke5 Rc1 30. Bh4 Rc7 31. Ra4 Rc2 32. Bg3 Rd7 33. Rb4
Bc8 34. Rb8 Rd8 35. Nb6 Kf8 36. Ra8 Kf7 37. a4 Rc3 38. b4 Rc2 39. Bf4 Rc3 40.
Kd4 Rc2 41. Kd3 Rb2 42. Bd2 e6 43. Kc3 Ra2 44. Bg5 Rd7 45. Rxc8 1-0

[Event "Southfield (MEX/5)"]
[Site "?"]
[Date "1982.??.??"]
[Round "?"]
[White "Ross, D.."]
[Black "Quigley, L.."]
[Result "1-0"]
[WhiteElo "2090"]
[BlackElo "2150"]
[PlyCount "121"]
[EventDate "1982.??.??"]

1. e4 e5 2. Nf3 Nc6 3. Bb5 a6 4. Ba4 Nf6 5. O-O Be7 6. Re1 b5 7. Bb3 d6 8. c3
O-O 9. h3 Na5 10. Bc2 c5 11. d4 Qc7 12. Nbd2 cxd4 13. cxd4 Bb7 14. d5 Rac8 15.
Bd3 Nd7 16. Nf1 Nc4 17. Ng3 g6 18. b3 Ncb6 19. Bh6 Rfe8 20. Rc1 Qb8 21. Qd2
Rxc1 22. Rxc1 Rc8 23. Rf1 Qc7 24. Ne2 Nc5 25. Bb1 f6 26. g4 Bf8 27. Be3 Qf7 28.
Ng3 Nxd5 29. exd5 Bxd5 30. Ne1 Ba8 31. Nd3 Qb7 32. f3 Ne6 33. Ne4 Be7 34. Rc1
Rxc1+ 35. Qxc1 f5 36. Nd2 f4 37. Bf2 Ng5 38. Qd1 Nxf3+ 39. Nxf3 Qxf3 40. Qxf3
Bxf3 41. Bb6 Kf7 42. Bc7 Ke6 43. a4 Bh4 44. axb5 axb5 45. b4 g5 46. Nf2 h6 47.
Bd3 Bc6 48. Bf5+ Ke7 49. Kf1 Bd5 50. Bb8 Bc4+ 51. Kg1 Be6 52. Bd3 Bd7 53. Ne4
d5 54. Nc3 d4 55. Ne4 Be1 56. Bxe5 Bxb4 57. Bxd4 Kf8 58. Nc3 Be8 59. Be2 Kg8
60. Bxb5 Bxc3 61. Bc4+ 1-0

[Event "Southfield (MEX/2)"]
[Site "?"]
[Date "1982.??.??"]
[Round "?"]
[White "Ross, D.."]
[Black "Martinovsky, E.."]
[Result "0-1"]
[WhiteElo "2090"]
[BlackElo "2405"]
[PlyCount "80"]
[EventDate "1982.??.??"]

1. e4 c6 2. d4 d5 3. exd5 cxd5 4. Bd3 Nc6 5. c3 Nf6 6. Bf4 Bg4 7. Qb3 Qd7 8.
Nd2 e6 9. Ngf3 Nh5 10. Ne5 Qc7 11. Be3 Nf6 12. O-O Bd6 13. f4 O-O 14. Qc2 g6
15. Rae1 Rac8 16. Qb1 a6 17. Bf2 Bf5 18. Bh4 Be7 19. Bxf6 Bxf6 20. Ndf3 b5 21.
g4 Bxe5 22. Nxe5 Nxe5 23. fxe5 Bxg4 24. a3 Bf5 25. Re3 f6 26. exf6 Rxf6 27. Re5
Rcf8 28. Bxf5 Rxf5 29. Rfxf5 Rxf5 30. Rxf5 exf5 31. Qe1 Kf7 32. Qh4 h5 33. Qg5
Qe7 34. Qg3 h4 35. Qf4 Qe1+ 36. Kg2 Qe4+ 37. Qxe4 fxe4 38. Kh3 g5 39. Kg4 a5
40. b3 Kf6 0-1

[Event "Southfield (MEX/1)"]
[Site "?"]
[Date "1982.??.??"]
[Round "?"]
[White "Ross, D.."]
[Black "Barth, J.."]
[Result "1-0"]
[WhiteElo "2090"]
[BlackElo "2390"]
[PlyCount "85"]
[EventDate "1982.??.??"]

1. e4 e5 2. Nf3 Nc6 3. Bb5 a6 4. Ba4 Nf6 5. O-O b5 6. Bb3 Bb7 7. d3 Be7 8. c3
O-O 9. Re1 h6 10. Nbd2 Re8 11. Nf1 Bf8 12. Ng3 g6 13. a3 Bg7 14. h4 h5 15. Bg5
Qe7 16. d4 d6 17. Rc1 Kh8 18. Ba2 Qf8 19. d5 Na7 20. c4 bxc4 21. Nd2 c5 22.
dxc6 Nxc6 23. Nxc4 Nd4 24. Nb6 Rad8 25. Bd5 Re7 26. Ba2 Ne6 27. b4 Nxg5 28.
hxg5 Nh7 29. Nxh5 gxh5 30. Qxh5 f6 31. Rc3 fxg5 32. Rh3 Bf6 33. Be6 Bc6 34. Bf5
Qg8 35. Rc1 Ba8 36. Qh6 Rf8 37. Nxa8 g4 38. Rh5 Bg5 39. Qxd6 Rg7 40. Rc7 Rff7
41. Rc8 Qxc8 42. Bxc8 g3 43. Bf5 1-0

[Event "East Lansing (MI Op/5)"]
[Site "?"]
[Date "1982.??.??"]
[Round "?"]
[White "Rogan, M.."]
[Black "Ward, Tim"]
[Result "1/2-1/2"]
[WhiteElo "2065"]
[BlackElo "1900"]
[PlyCount "97"]
[EventDate "1982.??.??"]

1. e4 e6 2. d4 d5 3. Nc3 Nf6 4. Bg5 Bb4 5. Nge2 dxe4 6. a3 Be7 7. Bxf6 Bxf6 8.
Nxe4 b6 9. N2g3 Qxd4 10. Qf3 Qe5 11. Be2 c6 12. Rd1 Be7 13. O-O O-O 14. Rfe1
Qxb2 15. Bd3 Nd7 16. Nc3 Qxa3 17. Nb5 cxb5 18. Qxa8 Nc5 19. Ra1 Qc3 20. Qxa7
Nxd3 21. cxd3 Bc5 22. Ne4 Qd4 23. Nxc5 bxc5 24. Rec1 h6 25. Qxc5 Qxc5 26. Rxc5
Bd7 27. Ra7 Rd8 28. Kf1 Be8 29. Ke2 Rb8 30. Kd2 Kf8 31. Kc3 g6 32. Rcc7 h5 33.
h4 Kg7 34. Rab7 Rxb7 35. Rxb7 Bc6 36. Rb6 Bxg2 37. Rxb5 Bd5 38. Kd4 Kf6 39. Ke3
g5 40. Rb4 gxh4 41. Rxh4 Kg5 42. Rh2 Kg4 43. f3+ Kg5 44. d4 f6 45. Rh1 Kg6 46.
Kf4 e5+ 47. dxe5 fxe5+ 48. Kg3 Kg5 49. Rh2 1/2-1/2

[Event "East Lansing (MI Op/6)"]
[Site "?"]
[Date "1982.??.??"]
[Round "?"]
[White "Rogan, M.."]
[Black "Lehotzky, Attila"]
[Result "1-0"]
[WhiteElo "2065"]
[BlackElo "1915"]
[PlyCount "85"]
[EventDate "1982.??.??"]

1. e4 g6 2. d4 Bg7 3. c4 d6 4. Nc3 Nf6 5. g3 Nbd7 6. Bg2 e5 7. d5 a5 8. Nge2
Nc5 9. O-O O-O 10. f3 Bd7 11. Bg5 h6 12. Be3 b6 13. Qd2 Kh7 14. b3 Qc8 15. Rab1
Bh3 16. a3 Bxg2 17. Kxg2 Nfd7 18. b4 Nb7 19. Rfc1 f5 20. Qd1 Nf6 21. Qc2 axb4
22. axb4 fxe4 23. Nxe4 Qf5 24. Nxf6+ Qxf6 25. Rf1 Ra3 26. Nc3 Qf7 27. Bc1 Ra6
28. Ne4 Rfa8 29. Rf2 Rc8 30. Qd3 Rca8 31. Be3 Qf5 32. Rb3 Ra1 33. Rc2 Rf8 34.
Bf2 Rfa8 35. c5 bxc5 36. bxc5 R8a7 37. cxd6 cxd6 38. Bxa7 Rxa7 39. Rbb2 Qd7 40.
Rc6 Nc5 41. Nxc5 dxc5 42. Qxg6+ Kg8 43. Rb8+ 1-0